Hmyzí hotel kniha o prírode : otvor okienko a zaži knižné dobrodružstvo

Bibliographic Details
Main Author: Walden, Libby (Author)
Other Authors: Robin, Clover (Illustrator), Cingelová, Andrea (Translator)
Format: Book
Language:Slovak
English
PhysicalDescription:16 nečíslovaných strán farebné ilustrácie 25 cm
Published: Bratislava Svojtka & Co., s.r.o. 2020
ISBN:9788056704912
Edition:Prvé slovenské vydanie
Subjects:

MARC

LEADER 00000cam a2200000 4500
001 vtls011915877
003 SK-MaSNL
005 20260331211125.0
008 200206s2020 xo a b 000 0 slo
015 |a SNBA2020/10 
020 |a 9788056704912  |q (viazané) 
040 |a SNK  |b slo  |c SNK  |e rda 
041 1 |a slo  |h eng 
044 |a xo  |c SK 
072 7 |a 59  |x Zoológia  |2 konspekt 
072 7 |a 0/9-053.2  |x Literatúra pre deti a mládež (náučná)  |2 konspekt 
080 |a 595.7  |2 2011 
080 |a (0.053.2)  |2 2011 
080 |a 591.5  |2 2011 
080 |a 638.142  |2 2011 
080 |a (0.062)  |2 2011 
080 |a (0.025.2)  |2 2011 
100 1 |a Robin, Clover  |4 ill  |9 362003 
240 1 0 |a Bug Hotel  |l Slovensky 
245 1 0 |a Hmyzí hotel  |b kniha o prírode : otvor okienko a zaži knižné dobrodružstvo  |c Clover Robin ; text Libby Walden ; preklad Andrea Cingelová 
246 3 4 |a Kniha o prírode 
250 |a Prvé slovenské vydanie 
264 1 |a Bratislava  |b Svojtka & Co., s.r.o.  |c 2020 
300 |a 16 nečíslovaných strán  |b farebné ilustrácie  |c 25 cm 
336 |a text  |b txt  |2 rdacontent 
336 |a statický obraz  |b sti  |2 rdacontent 
337 |a bez média  |b n  |2 rdamedia 
338 |a zväzok  |b nc  |2 rdacarrier 
500 |a Kartónové listy v tvare domčeka s odklápacími okienkami a prierezmi na prednej obálke 
500 |a Preložené z angličtiny 
650 0 7 |a hmyz  |2 SNKPH  |9 783 
650 0 7 |a Insects  |2 SNKPHeng  |9 331144 
650 0 7 |a ekológia živočíchov  |2 SNKPH  |9 952 
650 0 7 |a hmyzie hotely  |2 SNKPH  |9 371596 
650 0 7 |a Animal ecology  |2 SNKPHeng  |9 303386 
650 0 7 |a Insect hotels  |2 SNKPHeng  |9 371597 
655 7 |a publikácie pre deti  |2 SNKPH  |9 70148 
655 7 |a Publications for children  |2 SNKPHeng  |9 276792 
655 7 |a populárno-náučné publikácie  |2 SNKPH  |9 70460 
655 7 |a leporelá  |2 SNKPH  |9 60414 
655 7 |a Popular works  |2 SNKPHeng  |9 90287 
655 7 |a Picture books for children  |2 SNKPHeng  |9 277438 
700 1 |a Walden, Libby  |4 aut  |9 362006 
700 1 |a Cingelová, Andrea  |4 trl  |9 186031 
919 |a 978-80-567-0491-2 
958 |a DB 
958 |a OP 
968 |b ENG 
999 |c 950499  |d 952429 
952 |a SNK  |b SNK  |y PREZ  |7 0  |p 17A1444778  |o snkOSC 29166  |i snk2020/18444  |8 0  |0 0  |1 0  |4 0  |d 2020-10-12  |l 0  |r 2026-02-24 09:46:49  |w 2026-02-24 
952 |a SNK  |b SNK  |y PREZ  |7 0  |p 17A1444779  |o snkOSC 29166 D1  |i snk2020/18445  |8 0  |0 0  |1 0  |4 0  |d 2020-10-12  |l 0  |r 2026-02-24 09:46:49  |w 2026-02-24